Away from your desk? You must be at work (Record no. 73925)
[ view plain ]
| 000 -LEADER | |
|---|---|
| fixed length control field | 01348cam a2200265 4500 |
| 001 - CONTROL NUMBER | |
| control field | WB3946-12 |
| 008 - FIXED-LENGTH DATA ELEMENTS--GENERAL INFORMATION | |
| fixed length control field | 031204n2003 000 0 eng u |
| 035 ## - SYSTEM CONTROL NUMBER | |
| System control number | (Sirsi) u124564 |
| 245 ## - TITLE STATEMENT | |
| Title | Away from your desk? You must be at work |
| 260 ## - PUBLICATION, DISTRIBUTION, ETC. | |
| Date of publication, distribution, etc. | 2003 |
| 490 ## - SERIES STATEMENT | |
| Series statement | King Sturge Press Release |
| Volume/sequential designation | 1 December 2003 (2) |
| 520 ## - SUMMARY, ETC. | |
| Summary, etc. | A King Sturge (KS) survey into the human impact of office buildings has revealed that the average UK employee is away from their desk for 4 hours and 10 minutes every day. However KS did not believe this would lead to more hot-desking intiatives, as where an employee works is important in terms of their overall efficiency and morale. "Office buildings: the human impact", surveyed 326 occupiers in the UK, USA and Europe and looks at the working day, the journey to work, location and design, information and communications technology and transport and green issues. http://www.kingsturge.com/site/docs/pressoffice/newsdisplay.cfm?NID=%24%299S%25K%20%20%20%0A. |
| 590 ## - LOCAL NOTE (RLIN) | |
| Local note | WB |
| 650 ## - SUBJECT ADDED ENTRY--TOPICAL TERM | |
| Topical term or geographic name entry element | OFFICE BUILDINGS |
| 650 ## - SUBJECT ADDED ENTRY--TOPICAL TERM | |
| Topical term or geographic name entry element | OFFICE OCCUPIERS |
| 650 ## - SUBJECT ADDED ENTRY--TOPICAL TERM | |
| Topical term or geographic name entry element | UNITED KINGDOM |
| 650 ## - SUBJECT ADDED ENTRY--TOPICAL TERM | |
| Topical term or geographic name entry element | UNITED STATES |
| 650 ## - SUBJECT ADDED ENTRY--TOPICAL TERM | |
| Topical term or geographic name entry element | EUROPE |
| 650 ## - SUBJECT ADDED ENTRY--TOPICAL TERM | |
| Topical term or geographic name entry element | RESEARCH REPORTS |
| 650 ## - SUBJECT ADDED ENTRY--TOPICAL TERM | |
| Topical term or geographic name entry element | OFFICE ENVIRONMENTS |
| 650 ## - SUBJECT ADDED ENTRY--TOPICAL TERM | |
| Topical term or geographic name entry element | EMPLOYEES |
| 650 ## - SUBJECT ADDED ENTRY--TOPICAL TERM | |
| Topical term or geographic name entry element | HOTDESKING |
| 690 ## - LOCAL SUBJECT ADDED ENTRY--TOPICAL TERM (OCLC, RLIN) | |
| Topical term or geographic name as entry element | PROPERTY MANAGEMENT-COMMERCIAL PROPERTY |
| 942 ## - ADDED ENTRY ELEMENTS (KOHA) | |
| Suppress in OPAC | 0 |
| Withdrawn status | Lost status | Source of classification or shelving scheme | Damaged status | Not for loan | Home library | Current library | Shelving location | Date acquired | Total Checkouts | Full call number | Barcode | Date last seen | Copy number | Price effective from | Koha item type |
|---|---|---|---|---|---|---|---|---|---|---|---|---|---|---|---|
| Dewey Decimal Classification | London | London | News article | 04/12/2003 | WB3946-12 | 124564-1001 | 06/08/2019 | 1 | 06/08/2019 | News article |